000 00645cab a22001935a 4500
001 L152735
008 110419s2011 xxk f s 000 0 eng d
035 _a(Sirsi) u152735
041 0 _aeng
100 1 _aSpittle, Tim
245 0 0 _aEqualities Act 2010
260 _c2011
490 0 _aBuilding Engineer
_v86(3) March 2011, 14-15(2)
520 _aThe Equality Act 2010 should make access and facilities necessary in buildings for certain groups of people a little clearer; Building Regulations Part M; DDA.
590 _aKA
651 4 _aEngland and Wales
_y1543-
690 _aMANAGEMENT-BUSINESS MANAGEMENT-DISCRIMINATION
942 _n0
999 _c83072
_d83072